Communicative english/ (Record no. 180211)

MARC details
000 -LEADER
fixed length control field 00564nam a22001937a 4500
005 - DATE AND TIME OF LATEST TRANSACTION
control field 20210729172135.0
010 ## - LCCN (DPL NO)
LC control number ENG-129646
020 ## - INTERNATIONAL STANDARD BOOK NUMBER
Terms of availability 195.00
International Standard Book Number 978-93-86725-49-3
035 ## - SYSTEM CONTROL NUMBER
System control number EN-113178
037 ## - SOURCE OF ACQUISITION
Source of stock number/acquisition DBAD/PUB
082 ## - DEWEY DECIMAL CLASSIFICATION NUMBER
Classification number 480
100 ## - MAIN ENTRY--PERSONAL NAME
Personal name Dinakar, P.
245 ## - TITLE STATEMENT
Title Communicative english/
Statement of responsibility, etc by P. dinakar
260 ## - PUBLICATION, DISTRIBUTION, ETC. (IMPRINT)
Place of publication, distribution, etc Hyderabad
Name of publisher, distributor, etc Neelkamal Publications
Date of publication, distribution, etc 2018
270 ## - ADDRESS
Address Sultan bazar
City Hyderabad
Postal code 500095
Electronic mail address NEELKAMALBOOKS@GMAIL.COM
300 ## - PHYSICAL DESCRIPTION
Extent 193 pages;
Dimensions 22cm(pbk)
700 ## - ADDED ENTRY--PERSONAL NAME
Personal name C.MURALIKRISHNA
942 ## - ADDED ENTRY ELEMENTS (KOHA)
Source of classification or shelving scheme Dewey Decimal Classification
Item type English Books
Classification part 480
Call number suffix DIN
Holdings
Withdrawn status Lost status Not for loan Collection code Home library Current library Date acquired Source of acquisition Cost, normal purchase price Full call number Barcode Copy number Cost, replacement price Koha item type
      Non-fiction Sarojini Nagar Sarojini Nagar 29/07/2021 DBAD/PUB 195.00 480 EN-113178 1 195.00 English Books

© Delhi Public Library
Hit Counter
free hit counter